[Event "XIII Festival Magistrale"]
[Site "Asti ITA"]
[Date "1992.10.24"]
[Round "8"]
[White "Sarno, Spartaco"]
[Black "Brancaleoni, Maurizio"]
[WhiteElo "2430"]
[BlackElo "2004"]
[Result "0-1"]
[PlyCount "100"]
[EventDate "1992.10.17"]

1. d4 Nf6 2. c4 g6 3. Nc3 Bg7 4. e4 d6 5. f3 O-O 6. Be3 Nbd7 7. Bd3 c5 8. Nge2
cxd4 9. Nxd4 e6 10. O-O d5 11. exd5 exd5 12. Qd2 Ne5 13. c5 Nfd7 14. Be2 Nc4
15. Bxc4 dxc4 16. Ne4 Ne5 17. Rad1 b6 18. Qc2 Nd3 19. Nb5 Ba6 20. a4 Bxb5 21.
axb5 Qe8 22. c6 Nxb2 23. Rd7 Qe5 24. Bd4 Qxd4+ 25. Rxd4 Bxd4+ 26. Kh1 a6 27.
Nd6 axb5 28. Nxb5 Bg7 29. c7 Ra5 30. Nd6 Rc5 31. c8=Q Rfxc8 32. Nxc8 Rxc8 33.
Rb1 b5 34. Qe4 c3 35. Qb7 Rd8 36. Qc7 Bf6 37. h4 b4 38. Kh2 b3 39. Ra1 Nd3 40.
Qc6 Be5+ 41. g3 c2 42. Rf1 c1=Q 43. Rxc1 Nxc1 44. Qxc1 b2 45. Qb1 Rc8 46. Qe4
Rc1 47. Qxe5 b1=Q 48. Qe8+ Kg7 49. Qe5+ Kf8 50. Qd6+ Ke8 0-1